Southville International School and Colleges
Your cart is empty.
  • Cart
  • Lists
    Public lists Eva Luna New books Lux_list list_1
    Your lists Log in to create your own lists
  • Log in to your account
  • Your cookies
  • Search history
Southville International School and Colleges
  • Advanced search
  • Recent comments
  • Most popular
  • Libraries

Log in to your account

Log in with GOOGLE


If you do not have an external account, but do have a local account, you can still log in:

  1. Home
  2. MARC view: Creating innovators :
Normal view MARC view ISBD view

Creating innovators : (Record no. 288219)

[ view plain ]
MARC details
000 -LEADER
fixed length control field 00676nam a2200169Ia 4500
008 - FIXED-LENGTH DATA ELEMENTS--GENERAL INFORMATION
fixed length control field 150610s9999 xx 000 0 und d
020 ## - INTERNATIONAL STANDARD BOOK NUMBER
International Standard Book Number 9781451611496 (hardcover)
050 ## - LIBRARY OF CONGRESS CALL NUMBER
Classification number LB1607.5
Item number .W33 2012
100 ## - MAIN ENTRY--PERSONAL NAME
Personal name Wagner, Tony
245 ## - TITLE STATEMENT
Title Creating innovators :
Remainder of title the making of young people who will change the world /
Statement of responsibility, etc Tony Wagner ; with supplementary video material by Robert A. Compton.
250 ## - EDITION STATEMENT
Edition statement 1st Scribner hardcover ed.
260 ## - PUBLICATION, DISTRIBUTION, ETC. (IMPRINT)
Place of publication, distribution, etc New York :
Name of publisher, distributor, etc Scribner,
Date of publication, distribution, etc 2012.
300 ## - PHYSICAL DESCRIPTION
Extent 270pages :
Other physical details illustrations ;
Dimensions 24 cm.
504 ## - BIBLIOGRAPHY, ETC. NOTE
Bibliography, etc Includes bibliographical references and index.
520 ## - SUMMARY, ETC.
Summary, etc Education, Secondary.
650 ## - SUBJECT ADDED ENTRY--TOPICAL TERM
Topical term or geographic name as entry element United States
General subdivision Educational change.
Holdings
Withdrawn status Lost status Damaged status Home library Current library Shelving location Date acquired Total Checkouts Full call number Barcode Date last seen Price effective from Koha item type
      Stonyhurst Southville International School (Batangas) Stonyhurst Southville International School (Batangas) High School Section 06/10/2015   LB1607.5.W33 2012 US-1765 06/10/2015 06/10/2015 Books

Creating innovators :

APA

Wagner T., . (2012). Creating innovators. New York: Scribner.

Chicago

Wagner Tony, . 2012. Creating innovators. New York: Scribner.

Harvard

Wagner T., . (2012). Creating innovators. New York: Scribner.

MLA

Wagner Tony, . Creating innovators. New York: Scribner. 2012.

  • Place hold
  • Print
  • Cite
  • Add to your cart (remove)
  • Save record
    BIBTEX Dublin Core MARCXML MARC (non-Unicode/MARC-8) MARC (Unicode/UTF-8) MARC (Unicode/UTF-8, Standard) MODS (XML) RIS
  • More searches
    Search for this title in:
    Other Libraries (WorldCat) Other Databases (Google Scholar) Online Stores (Bookfinder.com) Open Library (openlibrary.org)

Exporting to Dublin Core...

SOUTHVILLE LIBRARY

Southville International School and Colleges Library

1281 Tropical Ave. Cor. Luxembourg St., BF Homes International, Las Pinas City

Tel. No. 8256374 / 252358 Loc. 117/146

Powered by Koha